000 00844nam a2200241Ia 4500
001 dia_1619
003 CHAP
005 20251021155124.0
008 220117s1977 xx 000 0 und d
010 _a172163
040 _cCHAP
082 _a630.711 L8
100 _aLuciardi Bonari, Ana Maria.
_968882
245 _aMedios de Comunicacion en el Plan Zacapoaxtla.
260 _aChapingo, Mex., E.N.A., Colegio de Postgraduados. Rama de Divulgación Agricola.
_c1977
300 _a83 p.
500 _aDonación.
600 _aComunicación en la Agricultura. 2. Extensión Agricola-Puebla. 3. Plan Zacapoaxtla. I. E.N.A. Colegio de Postgraduados, Rama de Divulgación Agricola. II. t.
_9151151
901 _a630.711 L8
902 _aM
905 _a0000001977 MEXILUS0000000000ESP00
942 _cLIBRO
_2ddc
999 _c172163
_d172163